000 00610nam a22002177a 4500
999 _c2899
_d2899
003 OSt
005 20210726073431.0
008 210726b ||||| |||| 00| 0 eng d
020 _a02177964
020 _a0815190654
040 _cALUPE UNIVERSITY
050 _aRC86
_b.W34 1994
100 _aDavid K Wagner
245 _a1994 Year Book of Emergency Medicine
260 _aSt. Louis,
_bMosby Year Book,
_c ©1991.
300 _axix ,484p.;
_bill.;
_c22cm
500 _aincludes index.
650 _a Emergency medicine, Medical emergencies.
700 _aWilliam P Burdick
942 _2lcc
_cBK
_nJO